000 00664cam a2200229 a 4500
003 BD-DhSAU
005 20231108154217.0
008 861024s 2021ii a b 001 0 eng
020 _a9788170356790
040 _aBD-DhSAU
082 _222
_a639.80954
_bAh43
100 _aAhilan, B.
245 1 0 _aIntegrated Aquaculture /
_cB. Ahilan, K. Ravaneshwaran and P. Kumaravel
260 _aNew Delhi :
_bDaya Publishing House,
_cc2021
300 _ax, 142 p. :
_bill. ;
_c22cm.
504 _aInclude bibliographical references and index
590 _akobir
650 0 _aAquaculture
700 _aRavaneshwaran, K.
700 _aKumaravel, P.
942 _2ddc
_cBOOK
999 _c17283
_d17282